Quanta of maths : conference in honor of Alain Connes, non commutative geometry, Institut Henri Poincaré, Institut des hautes études scientifiques, Institut de mathématiques de Jussieu, Paris, France, March 29-April 6, 2007
Αποθηκεύτηκε σε:
| Συλλογικό Έργο: | , |
|---|---|
| Άλλοι συγγραφείς: | |
| Μορφή: | Βιβλίο |
| Γλώσσα: | English |
| Δημοσίευση: |
Providence, R.I. : Cambridge, MA :
American Mathematical Society ; Clay Mathematics Institute,
c2010.
|
| Σειρά: | Clay mathematics proceeding ;
11 |
| Θέματα: | |
| Ετικέτες: |
Προσθήκη ετικέτας
Δεν υπάρχουν, Καταχωρήστε ετικέτα πρώτοι!
|
MARC
| LEADER | 00000cam a2200000 a 4500 | ||
|---|---|---|---|
| 001 | 1/111385 | ||
| 008 | 160720t2010####riu| ||| |||| ||eng|| | ||
| 020 | |a 9780821852033 | ||
| 040 | |a GR-MyUa |b gre |c GR-MyUa |e AACR2 | ||
| 041 | 0 | |a eng | |
| 082 | 7 | |a 512.55 |2 (23) | |
| 245 | 0 | 0 | |a Quanta of maths : |b conference in honor of Alain Connes, non commutative geometry, Institut Henri Poincaré, Institut des hautes études scientifiques, Institut de mathématiques de Jussieu, Paris, France, March 29-April 6, 2007 / |c Etienne Blanchard ... [κ.ά.], editors. |
| 260 | |a Providence, R.I. : |b American Mathematical Society ; |a Cambridge, MA : |b Clay Mathematics Institute, |c c2010. | ||
| 300 | |a xvii, 675 σ. : |b εικ. ; |c 26 εκ. | ||
| 490 | 1 | |a (Clay mathematics proceedings ; |v 11) | |
| 504 | |a Περιέχει βιβλιογραφικές αναφορές. | ||
| 650 | 0 | |a Noncommutative differential geometry |x Congresses. | |
| 700 | 1 | |a Connes, Alain, |e hnr | |
| 700 | 1 | |a Blanchard, Etienne, |d 1968- |e edt | |
| 710 | 2 | |a Institut Henri Poincaré. | |
| 710 | 2 | |a Institut des hautes études scientifiques (Paris, France) | |
| 710 | 2 | |a Institut des hautes études scientifiques (Paris, France) | |
| 830 | 0 | |a Clay mathematics proceeding ; |v 11 | |
| 852 | |a INST |b SAMOS |e 20160720 |h 512.55 QUA |p 005300043722 |q 005300043722 |t BK |y 0 | ||
| 922 | |a 3ΕΛΗ |b 201606 |c Τμήμα Μαθηματικών |d Διαδρομές | ||
| 970 | |a Κοσιέρης |b Χρήστος |z 20-07-2016 | ||